000 00532nam a2200181Ia 4500
999 _c14046
_d14046
003 OSt
005 20201020112137.0
008 190216s9999||||xx |||||||||||||| ||und||
020 _a9780006543411
040 _coclc
082 _a191
_bCAP/U
100 _aCapra, Fritjof
_95965
245 0 _aUncommon Wisdom /
_cFritjof Capra
260 _b Flamingo An Imprint Of Harper Collins Publishers ,
_c1989.
_aLondon:
300 _a352p
650 _aEnglish Literature
942 _cBK
_2ddc
_h191
_iCAP/U
_k191
_mCAP/U